000 01054nam a2200265 a 4500
001 BRCA_3679
005 20190320204359.0
008 890707s1988 mx-a---##b---f001-0#spa-#
020 _a9681630173
041 _aspa
044 _amx
050 4 _aF1234
_b.C35 1988
100 1 _aCalles, Plutarco Elías
_d1877-1945
_99547
245 1 0 _aPensamiento político y social
_bantología (1913-1936)
_cPlutarco Elías Calles ; prólogo, selección y notas de Carlos Macías.
260 _aMéxico
_bInstituto de Estudios Históricos de la Revolución Mexicana : Fondo de Cultura Económica
_c1988
300 _a355 p.
_bil.
_c23 cm.
440 0 _aVida y pensamiento de México
_99548
500 _aIncluye índice analítico y de nombres
500 _aIncluye cronología de Plutarco Elías Calles: p. 339-343
504 _aBibliografía: p. 345-346
651 4 _aMéxico
_xPolítica y gobierno
_y1910-1946
_99549
700 1 _aMacías, Carlos
_99550
710 2 _aFideicomiso Archivos Plutarco Elías Calles y Fernando Torreblanca.
_99551
942 _2lcc
_cB
999 _c3411
_d3411